| 000 | 00526nam a2200181 i 4500 | ||
|---|---|---|---|
| 001 | 28140 | ||
| 003 | ES-MaACL | ||
| 005 | 20240320062558.0 | ||
| 007 | t| | ||
| 008 | 030116s1909 sp ||||1| spa d | ||
| 100 | 0 |
_aAzorín, _d1873-1967 _924326 |
|
| 245 | 1 | 4 |
_aLas confesiones de un pequeño filósofo _b: novela / _cde Azorín. |
| 250 | _a2ª ed. aum. | ||
| 260 |
_aMadrid : _b[s.n., _c1909] ( _fTipografía de la Revista de Archivos) |
||
| 300 |
_a134 p. ; _c18 cm. |
||
| 852 |
_aES-MaACL _jB-4191 |
||
| 999 |
_c28140 _d28140 |
||